1629 1546 1070 1383 1402 1054 1054 1642 1253 1375 1817 1231 1404 1401 1641 1828 1394 1522 1838 1753 1643 1342 1245 1811 1007 1286 1478 1025 1363 1658 1456 1274 1859 1315 1702 1937 1875 1042 1261 1619 1038 1092 1423 1397 1544 1791 1541 1851 1863 1096 1234 1910 1311 1228 1804 1842 1753 1358 1051 1963 1811 1596 1819 1752 1613 1246 1881 1956 1106 1764 1031 1753 1539 1962 1867 1186 1678 1029 1230 1178 1629 1691 1579 1701 1831 1596 1070 1647 1459 1201 1532 1003 1170 1706 1814 1243 1307 1953 1580 BCNSPRNW ULIB Ver.6.0+V

เปลี่ยนเป็นภาษาไทย

Change to English
 แสดงรายละเอียดบรรณานุกรม
  กลับหน้าหลัก

Brief Record : Get Marc (ISO 2709) : E-mail record : QR code < ปิดหน้าต่าง
LEADER : 00000nam 2200000uu 4500
001    13399114434
003     ULIB
008    110627s||||||||th 000 0 tha d
020    9747319608
098    นว.^bม162ล
100 0  มนันยา
245 00 ลับลมคมนอก/^cมนันยา
250    พิมพ์ครั้งที่ 1
260    กรุงเทพฯ :^bสามสี,^c2544
300    216 หน้า
710 1  สามสี
945    ^p100^l0^i031544
995    ทศพร
999 ^a ใช้งานได้ทุกระบบ
รายการนี้ยังไม่มีแท็ก
คุณยังไม่ได้ล็อกอิน คุณสามารถมีกิจกรรมร่วมกับเว็บไซต์ได้ แต่ต้องล็อกอินก่อน ::
  ล็อกอิน

รายการสื่อสารสนเทศ

ลำดับที่ ประเภท เลขเรียก/บาร์โค้ด สถานที่ สถานะ
1. นวนิยาย
นวนิยาย
 ฉ.1 
  Barcode: 031544
ห้องสมุดวิทยาเขตสวรรค์ประชารักษ์
►นวนิยาย
บนชั้น
  ขอยืม

รายการใกล้เคียง
    ผู้แต่ง [มนันยา]

BibComment


ยังไม่เคยถูกคอมเมนท์

คอมเมนท์ทรัพยากรรายการนี้
  คอมเมนท์: ลับลมคมนอก มนันยา


 Copyright 2026. Bcnsprnw @Library